[Event "XXIII C.to Italiano UISP"]
[Site "Rimini ITA"]
[Date "2002.12.??"]
[Round "2"]
[White "Arnetta, Maria Teresa"]
[Black "Loi, Alberto"]
[Result "1-0"]
[WhiteElo "2050"]
[BlackElo "1414"]
[PlyCount "59"]
[EventDate "2002.12.12"]

1.e4 c5 2.c3 b6 3.d4 Ba6 4.Bxa6 Nxa6 5.Nf3 Nf6 6.e5 Nd5 7.dxc5 e6 8.cxb6 
Qxb6 9.O-O d6 10.Qa4+ Ke7 11.c4 Nc5 12.exd6+ Qxd6 13.Qa3 Nf6 14.Be3 Nce4 
15.b4 Ke8 16.Qa4+ Nd7 17.Rd1 Qc7 18.Bf4 Bd6 19.Bxd6 Nxd6 20.Na3 Ke7 21.c5 
Ne4 22.Qc2 f5 23.Nb5 Qc8 24.Nd6 Nxd6 25.Rxd6 Nb6 26.Ng5 h6 27.Rxe6+ Kd8 
28.Qd3+ Kc7 29.cxb6+ axb6 30.Qd6+ 1-0

[Event "XXIII C.to Italiano UISP"]
[Site "Rimini ITA"]
[Date "2002.12.??"]
[Round "2"]
[White "Badano, Giancarlo"]
[Black "Catalano, Luigi"]
[Result "1/2-1/2"]
[WhiteElo "1675"]
[BlackElo "1570"]
[PlyCount "87"]
[EventDate "2002.12.12"]

1.e4 Nc6 2.Bc4 Nf6 3.d3 h6 4.f4 e5 5.Nf3 exf4 6.Bxf4 d6 7.O-O Bg4 8.Nbd2 
Be7 9.h3 Bxf3 10.Qxf3 O-O 11.g4 Nd7 12.Bd5 Nb6 13.c3 Nxd5 14.exd5 Ne5 15.
Qe2 Ng6 16.Be3 Re8 17.Qf2 Rf8 18.Ne4 Bh4 19.Qe2 Qe7 20.Bd4 Rae8 21.Rf5 f6 
22.Raf1 Ne5 23.Bxe5 fxe5 24.b4 Rxf5 25.Rxf5 Rf8 26.Qf3 g6 27.Rxf8+ Qxf8 
28.Qxf8+ Kxf8 29.a4 Ke7 30.Kf1 a6 31.c4 Kd7 32.c5 Be7 33.Ke2 c6 34.dxc6+ 
Kxc6 35.cxd6 Bxd6 36.b5+ Kc7 37.Nxd6 Kxd6 38.Kf3 Kd5 39.Ke3 g5 40.bxa6 
bxa6 41.a5 Kc5 42.Ke4 Kd6 43.d4 exd4 44.Kxd4 1/2-1/2

[Event "XXIII C.to Italiano UISP"]
[Site "Rimini ITA"]
[Date "2002.12.??"]
[Round "2"]
[White "Bartolozzi, Roberto"]
[Black "Sudiro, Giuseppe"]
[Result "1-0"]
[WhiteElo "2069"]
[BlackElo "1524"]
[PlyCount "85"]
[EventDate "2002.12.12"]

1.Nf3 d5 2.d4 Nf6 3.Bg5 e6 4.Nbd2 Be7 5.e3 Nbd7 6.Bd3 c5 7.c3 Qa5 8.Ne5 
O-O 9.O-O Re8 10.f4 Qb6 11.Rb1 cxd4 12.exd4 Nf8 13.Rf3 Ng6 14.Rh3 a6 15.
Kh1 Nd7 16.Qh5 Ndf8 17.Bxe7 Rxe7 18.Qf3 Bd7 19.Nxg6 fxg6 20.Rg3 Rf7 21.Qe3
Qd8 22.Nf3 Qf6 23.Ne5 Re7 24.Rf3 Ree8 25.Re1 Rad8 26.Qf2 Bc8 27.g4 Rd6 28.
g5 Qd8 29.h4 Re7 30.Qh2 Qe8 31.Rh3 Rb6 32.Re2 Qa4 33.b3 Qa3 34.Rc2 Qd6 35.
h5 gxh5 36.Rxh5 g6 37.Rh4 Rg7 38.Ng4 Qe7 39.Nf6+ Kh8 40.Qh3 Rd6 41.Rh2 Qf7
42.Rh6 Rd8 43.Bxg6 1-0

[Event "XXIII C.to Italiano UISP"]
[Site "Rimini ITA"]
[Date "2002.12.??"]
[Round "2"]
[White "Camarda, Giuseppe"]
[Black "Favara, Vincenzo"]
[Result "0-1"]
[WhiteElo "1453"]
[BlackElo "1525"]
[PlyCount "122"]
[EventDate "2002.12.12"]

1.c4 e5 2.Nc3 Nf6 3.g3 c6 4.Bg2 d6 5.d3 Be6 6.Nf3 Be7 7.O-O Qc8 8.a3 Bh3 
9.b4 Bxg2 10.Kxg2 a6 11.h3 O-O 12.Bg5 Nbd7 13.Qc1 Re8 14.Rh1 Nh5 15.e3 
Bxg5 16.Nxg5 Ndf6 17.f3 Nd7 18.Nge4 Re6 19.Qd2 f5 20.Nf2 Rg6 21.Ne2 Ndf6 
22.Rag1 Qe6 23.Kf1 Nd7 24.g4 Nhf6 25.Ng3 f4 26.Nf5 fxe3 27.Qxe3 Rf8 28.Nd4
Qe8 29.Nf5 Qe6 30.h4 Ne8 31.Ng3 Rgf6 32.Nf5 d5 33.c5 d4 34.Qc1 b5 35.Qb1 
Qf7 36.Ne4 Rxf5 37.gxf5 Qxf5 38.Rg3 Ndf6 39.Nxf6+ Nxf6 40.Qd1 Nd5 41.Qb3 
Kh8 42.Ke2 Qf4 43.Kf2 Qd2+ 44.Kg1 Qe1+ 45.Kh2 Qf2+ 46.Rg2 Qxh4+ 47.Kg1 
Qe1+ 48.Kh2 Qe3 49.Rhg1 Rxf3 50.Kh1 Rh3+ 51.Rh2 Qf3+ 52.Rg2 Ne3 53.Qb2 
Rxh2+ 54.Kxh2 Qxg2+ 55.Qxg2 Nxg2 56.Kxg2 g6 57.Kf3 Kg7 58.Ke4 Kf6 59.Kf3 
h5 60.Kg3 Kf5 61.Kh4 Kf4 0-1

[Event "XXIII C.to Italiano UISP"]
[Site "Rimini ITA"]
[Date "2002.12.??"]
[Round "2"]
[White "Collutiis, Duilio"]
[Black "Voltolini, Mario"]
[Result "1-0"]
[WhiteElo "2332"]
[BlackElo "2215"]
[PlyCount "51"]
[EventDate "2002.12.12"]

1.e4 e6 2.d4 d5 3.Nc3 dxe4 4.Nxe4 Nd7 5.Bd3 Ngf6 6.Qe2 Nxe4 7.Bxe4 Nf6 8.
Bxb7 Bxb7 9.Qb5+ Nd7 10.Qxb7 c5 11.Nf3 Be7 12.O-O O-O 13.Rd1 Qc8 14.Qxc8 
Rfxc8 15.Be3 Rab8 16.dxc5 Nxc5 17.b3 a5 18.Ne5 f6 19.Bd4 Na6 20.c3 Rb7 21.
Nc4 Rbc7 22.Nxa5 e5 23.Be3 Rxc3 24.Rdc1 Nb4 25.Rxc3 Rxc3 26.Bd2 1-0

[Event "XXIII C.to Italiano UISP"]
[Site "Rimini ITA"]
[Date "2002.12.??"]
[Round "2"]
[White "D'Innocente, Stefano"]
[Black "Iotti, Pierluigi"]
[Result "1/2-1/2"]
[WhiteElo "2234"]
[BlackElo "2314"]
[PlyCount "115"]
[EventDate "2002.12.12"]

1.Nf3 e6 2.c4 c5 3.Nc3 b6 4.g3 Bb7 5.Bg2 Nf6 6.O-O Be7 7.d4 cxd4 8.Qxd4 
O-O 9.Rd1 Nc6 10.Qd3 Qc8 11.b3 d5 12.cxd5 Nb4 13.Qd2 Nbxd5 14.Bb2 Nxc3 15.
Qxc3 Qxc3 16.Bxc3 Rac8 17.Be1 Rc7 18.Bd2 Rd8 19.Bf4 Rxd1+ 20.Rxd1 Rc8 21.
h3 Kf8 22.Rc1 Rxc1+ 23.Bxc1 Bc5 24.Ne5 Bxg2 25.Kxg2 b5 26.Kf3 Ke8 27.e4 
Nd7 28.Nc6 a6 29.Be3 Bd6 30.Nd4 Nc5 31.Nc2 Kd7 32.Bxc5 Bxc5 33.Ke2 Kd6 34.
f4 f5 35.Kf3 g6 36.g4 a5 37.exf5 exf5 38.gxf5 gxf5 39.Ke2 Kd5 40.Kd3 h6 
41.Ne1 Bf2 42.Nc2 Kc5 43.Ke2 Bg1 44.Kd3 a4 45.Ke2 Kd5 46.Kd3 Bc5 47.Ne1 
axb3 48.axb3 Ba3 49.Ng2 Bc1 50.Kc2 Ba3 51.Kd3 Bd6 52.Ne3+ Kc5 53.Ng2 Kb4 
54.Kc2 Ka3 55.Kc3 Bb8 56.Kc2 b4 57.Ne3 Bxf4 58.Nxf5 1/2-1/2

[Event "XXIII C.to Italiano UISP"]
[Site "Rimini ITA"]
[Date "2002.12.??"]
[Round "2"]
[White "Dentale, Enrico"]
[Black "Lacerenza, Andrea"]
[Result "1-0"]
[WhiteElo "1738"]
[BlackElo "1539"]
[PlyCount "127"]
[EventDate "2002.12.12"]

1.d4 Nf6 2.Nf3 g6 3.Bf4 d6 4.e3 Bg7 5.Bd3 O-O 6.O-O Nbd7 7.Nbd2 Nh5 8.Bg5 
c5 9.c3 Nhf6 10.e4 cxd4 11.Nxd4 Ne5 12.Bc2 Bg4 13.f3 Bd7 14.Qe2 Qb6 15.
Rab1 Rac8 16.Be3 Qc7 17.Bb3 Nc6 18.Nb5 Qb8 19.Qf2 a6 20.Na7 Nxa7 21.Bxa7 
Qc7 22.Bb6 Qc6 23.Rfd1 d5 24.exd5 Nxd5 25.Bxd5 Qxd5 26.Ne4 Qb5 27.Bd4 Bf5 
28.Bxg7 Kxg7 29.Rd4 Rfd8 30.Rbd1 Rxd4 31.Qxd4+ e5 32.Qd5 Qxd5 33.Rxd5 f6 
34.Nc5 Rc7 35.g4 Bc8 36.a3 Kf7 37.Ne4 Rd7 38.Rc5 Rd1+ 39.Kf2 Be6 40.Rc7+ 
Rd7 41.Rxb7 f5 42.Rxd7+ Bxd7 43.Nc5 Bc8 44.gxf5 gxf5 45.Ke3 Ke7 46.Nd3 Kd6
47.f4 e4 48.Ne5 Be6 49.h4 a5 50.b4 axb4 51.cxb4 Kc7 52.Kd4 Kb6 53.a4 Bb3 
54.Nd7+ Kc6 55.Nc5 Bf7 56.a5 h5 57.Ke5 e3 58.Nd3 Bc4 59.Ne1 Kb5 60.Kxf5 
Kxb4 61.Nc2+ Kxa5 62.Nxe3 Bb5 63.Kg5 Be8 64.Nd5 1-0

[Event "XXIII C.to Italiano UISP"]
[Site "Rimini ITA"]
[Date "2002.12.??"]
[Round "2"]
[White "Fernandez, Gianluca"]
[Black "Avanzi, Gioni"]
[Result "1/2-1/2"]
[WhiteElo "1438"]
[BlackElo "1344"]
[PlyCount "69"]
[EventDate "2002.12.12"]

1.e4 e6 2.d4 d5 3.exd5 exd5 4.Nc3 c6 5.Nf3 Bg4 6.Be2 Nf6 7.O-O Be7 8.Re1 
O-O 9.Ne5 Bxe2 10.Qxe2 Bb4 11.Bd2 Nbd7 12.Bg5 h6 13.Nxd7 Qxd7 14.Bxf6 gxf6
15.Qh5 Kh7 16.Re3 Rg8 17.Rh3 Rg6 18.Ne2 Rag8 19.Nf4 Bd6 20.Nxg6 Rxg6 21.g3
Bf8 22.Rh4 Rg5 23.Qe2 f5 24.f4 Rg6 25.Re1 Re6 26.Qd2 Bg7 27.g4 fxg4 28.
Rxe6 Qxe6 29.Qd3+ Kh8 30.Kf2 f5 31.h3 g3+ 32.Kxg3 Qe1+ 33.Kg2 Qxh4 34.Qe3 
Qf6 35.c3 1/2-1/2

[Event "XXIII C.to Italiano UISP"]
[Site "Rimini ITA"]
[Date "2002.12.??"]
[Round "2"]
[White "Ferro, Mario"]
[Black "Capuano, Francesca"]
[Result "1/2-1/2"]
[WhiteElo "2194"]
[BlackElo "2023"]
[PlyCount "106"]
[EventDate "2002.12.12"]

1.c4 Nf6 2.g3 e6 3.Bg2 d5 4.b3 Be7 5.Bb2 O-O 6.e3 c6 7.Ne2 Nbd7 8.f4 Ne4 
9.O-O f5 10.d3 Nd6 11.Nd4 Nf6 12.c5 Nde8 13.b4 Bd7 14.Nc3 b6 15.Na4 Rb8 
16.Qc2 b5 17.Nc3 a5 18.a3 Ng4 19.Nd1 Bf6 20.h3 Nh6 21.Nf3 Nf7 22.Nf2 a4 
23.e4 Bxb2 24.Qxb2 Qf6 25.Qxf6 Nxf6 26.Rae1 Rbe8 27.e5 Nh5 28.Nh1 g6 29.
Nd4 Re7 30.g4 Ng7 31.Ng3 Nd8 32.g5 Ne8 33.h4 Rg7 34.h5 Re7 35.Kf2 Rg7 36.
Rh1 Kf7 37.Rh2 Ke7 38.Bf3 Kf7 39.Bd1 Ke7 40.Reh1 Kf7 41.Nf3 Ke7 42.Ke3 Kf7
43.hxg6+ hxg6 44.Rh8 Rxh8 45.Rxh8 Rg8 46.Rh6 Nc7 47.Nh4 Be8 48.Ne2 Kg7 49.
Nc3 Rh8 50.Rxh8 Kxh8 51.d4 Kg7 52.Nf3 Kf7 53.Nd2 Ke7 1/2-1/2

[Event "XXIII C.to Italiano UISP"]
[Site "Rimini ITA"]
[Date "2002.12.??"]
[Round "2"]
[White "Finocchiaro, Dante"]
[Black "Bongiovanni, Marco"]
[Result "0-1"]
[WhiteElo "1395"]
[BlackElo "1708"]
[PlyCount "90"]
[EventDate "2002.12.12"]

1.e4 e6 2.d4 d5 3.e5 c5 4.c3 Nc6 5.Nf3 Qb6 6.Be2 Nge7 7.Qa4 Bd7 8.Qb5 Nxd4
9.Qxb6 Nxf3+ 10.Bxf3 axb6 11.O-O Nc6 12.Re1 Be7 13.Bf4 O-O 14.Nd2 f6 15.
exf6 Bxf6 16.Bd6 Rfe8 17.Bc7 b5 18.Nb3 Rac8 19.Bb6 Ne5 20.Nxc5 Rxc5 21.
Bxc5 Nd3 22.Bd4 Nxe1 23.Rxe1 Bxd4 24.cxd4 Rc8 25.b3 Rc2 26.Ra1 Rd2 27.Kf1 
Rxd4 28.Ke2 e5 29.Rd1 Rxd1 30.Kxd1 Bc6 31.Kd2 Kf7 32.g3 Kf6 33.Ke3 d4+ 34.
Ke2 e4 35.Bg2 b4 36.Bf1 Bb5+ 37.Ke1 Bxf1 38.Kxf1 d3 39.Ke1 Ke5 40.Kd2 Kd4 
41.h3 h5 42.g4 hxg4 43.hxg4 g5 44.Kd1 Kc3 45.f4 exf3 0-1

[Event "XXIII C.to Italiano UISP"]
[Site "Rimini ITA"]
[Date "2002.12.??"]
[Round "2"]
[White "Fragni, Enrico"]
[Black "Restivo, Antonio"]
[Result "0-1"]
[WhiteElo "1684"]
[BlackElo "1600"]
[PlyCount "86"]
[EventDate "2002.12.12"]

1.d4 d5 2.Nf3 Nf6 3.Bf4 Bf5 4.Nbd2 e6 5.e3 a6 6.Be2 c5 7.c3 c4 8.Nh4 Bd6 
9.Nxf5 exf5 10.Qc2 Ne4 11.O-O Bxf4 12.exf4 Qh4 13.g3 Qe7 14.Nf3 Nc6 15.b3 
b5 16.bxc4 bxc4 17.Rab1 f6 18.Nh4 Qd7 19.Rfe1 O-O 20.f3 Nd6 21.Bf1 g6 22.
Bh3 Ne7 23.Kh1 Rfe8 24.g4 fxg4 25.Bxg4 f5 26.Bh3 Kh8 27.Re5 Nf7 28.Re3 Nc6
29.Rbe1 Nd6 30.Qg2 Rxe3 31.Rxe3 Re8 32.Qe2 Rxe3 33.Qxe3 Qe7 34.Qxe7 Nxe7 
35.a4 Ndc8 36.Ng2 Nb6 37.Ne3 Nxa4 38.Nd1 Nc8 39.Bf1 Na7 40.Kg1 Nb5 41.Kf2 
Naxc3 42.Ke1 Nxd1 43.Kxd1 Nxd4 0-1

[Event "XXIII C.to Italiano UISP"]
[Site "Rimini ITA"]
[Date "2002.12.??"]
[Round "2"]
[White "Fronzi, Ettore"]
[Black "Sgarito, Carmelo"]
[Result "1/2-1/2"]
[WhiteElo "1618"]
[BlackElo "1780"]
[PlyCount "85"]
[EventDate "2002.12.12"]

1.d4 d5 2.Nf3 Bg4 3.e3 Nf6 4.Be2 Nbd7 5.Nbd2 e6 6.O-O Be7 7.b3 O-O 8.Bb2 
Rc8 9.Ne5 Nxe5 10.dxe5 Bxe2 11.Qxe2 Nd7 12.f4 c5 13.c4 Qc7 14.Rad1 Rfd8 
15.g4 dxc4 16.Nxc4 Nb8 17.Nd6 Bxd6 18.exd6 Qb6 19.Qd2 Rc6 20.Qc3 f6 21.g5 
Nd7 22.Qc4 Rxd6 23.Rde1 Qa6 24.Qxa6 Rxa6 25.Rd1 Rxa2 26.Ba1 Kf7 27.Rd3 Ke7
28.Rfd1 Ra6 29.gxf6+ gxf6 30.Bxf6+ Kxf6 31.Rxd7 Rg8+ 32.Kf2 Ra2+ 33.Kf3 
Rxh2 34.Rxb7 Rh3+ 35.Ke4 h5 36.Rxa7 Rg7 37.Rxg7 Kxg7 38.Rg1+ Kf6 39.Rg5 
Rh1 40.Rxc5 h4 41.b4 h3 42.Kf3 Rb1 43.Rh5 1/2-1/2

[Event "XXIII C.to Italiano UISP"]
[Site "Rimini ITA"]
[Date "2002.12.??"]
[Round "2"]
[White "Gazzarri, Alberto"]
[Black "Rebeggiani, Luca"]
[Result "1-0"]
[WhiteElo "2173"]
[BlackElo "1708"]
[PlyCount "63"]
[EventDate "2002.12.12"]

1.e4 c5 2.c3 Nc6 3.d4 cxd4 4.cxd4 d6 5.Nc3 g6 6.Nf3 Bg7 7.Be3 Nf6 8.h3 Nd7
9.Qd2 O-O 10.Bh6 Qa5 11.Be2 a6 12.h4 Nf6 13.h5 Bxh6 14.Qxh6 Ng4 15.Qd2 h6 
16.d5 Nd8 17.Nh2 Nxh2 18.hxg6 fxg6 19.Qxh6 Rf6 20.Rxh2 Nf7 21.Qh4 Qc5 22.
a3 Bd7 23.e5 dxe5 24.Ne4 Qb6 25.Nxf6+ exf6 26.Qh7+ Kf8 27.Qxg6 Qxb2 28.Rb1
Qc3+ 29.Kf1 Ke7 30.Rh7 Rf8 31.d6+ Kxd6 32.Rxf7 1-0

[Event "XXIII C.to Italiano UISP"]
[Site "Rimini ITA"]
[Date "2002.12.??"]
[Round "2"]
[White "Giussani, Igor"]
[Black "Rombaldoni, Denis"]
[Result "1/2-1/2"]
[WhiteElo "1600"]
[BlackElo "2061"]
[PlyCount "129"]
[EventDate "2002.12.12"]

1.d4 d5 2.c4 e6 3.cxd5 exd5 4.Nc3 c6 5.Bf4 Nf6 6.Qc2 g6 7.e3 Bf5 8.Bd3 
Bxd3 9.Qxd3 Bd6 10.Bxd6 Qxd6 11.Nf3 Nbd7 12.O-O O-O 13.a3 Rfe8 14.b4 Ne4 
15.Rfc1 Nb6 16.b5 Nxc3 17.Rxc3 Nc4 18.bxc6 bxc6 19.Nd2 Nxd2 20.Qxd2 Rab8 
21.Qc2 Rb6 22.Rc1 Reb8 23.g3 Rc8 24.Qa4 Qd7 25.Rc5 Qb7 26.Ra5 Rb1 27.Qc2 
Rb8 28.Rxb1 Qxb1+ 29.Qxb1 Rxb1+ 30.Kg2 Rb7 31.Kf3 Kf8 32.Kf4 Ke7 33.f3 Ke6
34.e4 Rd7 35.e5 h6 36.g4 Rb7 37.h4 Ke7 38.h5 g5+ 39.Kg3 Kd8 40.Ra4 Kc8 41.
Rb4 Re7 42.f4 Kc7 43.fxg5 hxg5 44.Rb3 c5 45.dxc5 Rxe5 46.Rf3 Re7 47.h6 d4 
48.h7 Re8 49.Rxf7+ Kc6 50.Rg7 Rh8 51.Kf2 Kxc5 52.Rxg5+ Kc4 53.Rg7 d3 54.
Rc7+ Kd4 55.Rf7 Kc3 56.Rc7+ Kd4 57.g5 Rf8+ 58.Kg3 Rd8 59.Rd7+ Rxd7 60.
h8=Q+ Kc5 61.Qc3+ Kb6 62.Qb4+ Kc6 63.Qd2 Kc5 64.g6 Kd4 65.Kf4 1/2-1/2

[Event "XXIII C.to Italiano UISP"]
[Site "Rimini ITA"]
[Date "2002.12.??"]
[Round "2"]
[White "Mazzilli, Piero"]
[Black "Lucaroni, Massimiliano"]
[Result "1-0"]
[WhiteElo "2215"]
[BlackElo "2288"]
[PlyCount "84"]
[EventDate "2002.12.12"]

1.e4 e5 2.Nf3 Nc6 3.Bc4 Nf6 4.d4 exd4 5.Ng5 Ne5 6.Qxd4 Nxc4 7.Qxc4 d5 8.
exd5 Nxd5 9.O-O Be7 10.Nc3 c6 11.Nxd5 cxd5 12.Qb5+ Qd7 13.Qxd7+ Bxd7 14.
Re1 Rc8 15.c3 f6 16.Bf4 Rc6 17.Nf3 Kf7 18.Rad1 Rc5 19.Be3 Ra5 20.a3 Bg4 
21.Rd3 Bxf3 22.gxf3 Rc8 23.Bd4 Bf8 24.f4 Ra6 25.f5 Rd6 26.Kg2 b6 27.Be3 g6
28.Red1 Rcd8 29.Bf4 R6d7 30.c4 d4 31.Be3 gxf5 32.Rxd4 Rxd4 33.Rxd4 Bd6 34.
Kf3 Ke6 35.Bf4 Be7 36.Rxd8 Bxd8 37.b4 Be7 38.Bb8 a5 39.Bc7 axb4 40.axb4 
Bxb4 41.Bxb6 Kd6 42.Ke3 Kc6 1-0

[Event "XXIII C.to Italiano UISP"]
[Site "Rimini ITA"]
[Date "2002.12.??"]
[Round "2"]
[White "Passerotti, Pierluigi"]
[Black "Ganci, Fabrizio"]
[Result "1-0"]
[WhiteElo "2267"]
[BlackElo "2019"]
[PlyCount "71"]
[EventDate "2002.12.12"]

1.d4 d5 2.c4 c6 3.Nf3 Nf6 4.Nc3 dxc4 5.a4 Bf5 6.e3 e6 7.Bxc4 Bb4 8.O-O O-O
9.Nh4 Nbd7 10.f3 Ne8 11.Nxf5 exf5 12.Qc2 Nd6 13.Bd3 Qf6 14.Na2 Ba5 15.b4 
Bb6 16.Bb2 a5 17.Kh1 Qg5 18.e4 fxe4 19.fxe4 h6 20.e5 Nc8 21.d5 cxd5 22.Bb5
Rd8 23.Rf3 d4 24.bxa5 Bxa5 25.Bxd4 Nf8 26.Qf2 Ne6 27.Be3 Qxe5 28.Rf1 Nd6 
29.Bd3 Bc7 30.Rg3 Kh8 31.Bb1 Rf8 32.Nc1 Bd8 33.Nd3 Qa5 34.Nc5 Bh4 35.Nxe6 
Bxg3 36.hxg3 1-0

[Event "XXIII C.to Italiano UISP"]
[Site "Rimini ITA"]
[Date "2002.12.??"]
[Round "2"]
[White "Petrelli, Fabrizio"]
[Black "Perico', Alessandro"]
[Result "0-1"]
[WhiteElo "1500"]
[BlackElo "1600"]
[PlyCount "20"]
[EventDate "2002.12.12"]

1.e4 e6 2.d4 d5 3.e5 c5 4.c3 Nc6 5.Bb5 cxd4 6.cxd4 Qa5+ 7.Nc3 Bb4 8.Bd2 
Ne7 9.a3 Bxc3 10.Bxc3 Qb6 0-1

[Event "XXIII C.to Italiano UISP"]
[Site "Rimini ITA"]
[Date "2002.12.??"]
[Round "2"]
[White "Ricci, Marco"]
[Black "De Maria, Isaia"]
[Result "1-0"]
[WhiteElo "2165"]
[BlackElo "1738"]
[PlyCount "83"]
[EventDate "2002.12.12"]

1.e4 e6 2.d4 d5 3.Nd2 dxe4 4.Nxe4 Nd7 5.Nf3 Ngf6 6.Bg5 Be7 7.Nxf6+ Bxf6 8.
Bxf6 Qxf6 9.Qd2 O-O 10.O-O-O e5 11.Qe3 exd4 12.Rxd4 Rd8 13.Bc4 Rf8 14.Rhd1
Nb6 15.Bb3 Be6 16.Rf4 Qh6 17.Bxe6 Qxe6 18.Qxe6 fxe6 19.Re4 Rae8 20.c4 Rf5 
21.b3 Kf7 22.Ne5+ Ke7 23.f3 Rd8 24.Rxd8 Kxd8 25.Nd3 Ke7 26.Nf4 Rf6 27.c5 
Nd7 28.Nd5+ Kf7 29.Nxf6 gxf6 30.c6 bxc6 31.Ra4 Ke7 32.Rxa7 Kd6 33.Ra8 Ne5 
34.Rh8 c5 35.Rxh7 c4 36.bxc4 Nxc4 37.Rf7 f5 38.g3 Ne5 39.Rg7 Nxf3 40.h4 
Ne5 41.h5 Ng4 42.Rxg4 1-0

[Event "XXIII C.to Italiano UISP"]
[Site "Rimini ITA"]
[Date "2002.12.??"]
[Round "2"]
[White "Ronchetti, Niccolo'"]
[Black "Cesarini, Lanfranco"]
[Result "1-0"]
[WhiteElo "2233"]
[BlackElo "2113"]
[PlyCount "111"]
[EventDate "2002.12.12"]

1.e4 e5 2.Nf3 Nc6 3.Bb5 a6 4.Ba4 Nf6 5.O-O b5 6.Bb3 Be7 7.Re1 d6 8.c3 O-O 
9.h3 Na5 10.Bc2 c5 11.d4 Qc7 12.Nbd2 Re8 13.Nf1 Nc4 14.Ng3 Nb6 15.Nh4 g6 
16.Bh6 Ng4 17.hxg4 Bxh4 18.Nf1 Qe7 19.b3 Qf6 20.Be3 Bg5 21.d5 Bxe3 22.Nxe3
Kg7 23.Qd2 Bd7 24.g3 h6 25.Kg2 Rh8 26.Rh1 h5 27.gxh5 gxh5 28.Rh4 Rag8 29.
Rah1 Kf8 30.Rxh5 Nc8 31.Bd1 Rxh5 32.Rxh5 Ne7 33.Kg1 Ng6 34.Ng2 Rh8 35.Qg5 
Qxg5 36.Rxg5 Ke7 37.Bg4 Bxg4 38.Rxg4 a5 39.Nh4 Nxh4 40.gxh4 b4 41.c4 Rh7 
42.Kg2 f5 43.exf5 Kf6 44.Rg6+ Kxf5 45.Rxd6 Rxh4 46.Rc6 Rh8 47.Rxc5 Re8 48.
Rc6 a4 49.Rb6 axb3 50.axb3 Kf4 51.d6 Rg8+ 52.Kf1 Kf3 53.d7 Rd8 54.Rd6 Ra8 
55.Rf6+ Ke4 56.c5 1-0

[Event "XXIII C.to Italiano UISP"]
[Site "Rimini ITA"]
[Date "2002.12.??"]
[Round "2"]
[White "Soprano, Paolo"]
[Black "Genocchio, Daniele"]
[Result "1-0"]
[WhiteElo "2276"]
[BlackElo "2345"]
[PlyCount "49"]
[EventDate "2002.12.12"]

1.c4 Nf6 2.Nc3 Nc6 3.g3 e5 4.Bg2 h5 5.h4 Bc5 6.e3 d6 7.Nge2 Bg4 8.a3 a5 9.
O-O d5 10.Re1 Kf8 11.b3 g5 12.hxg5 Nh7 13.f3 Bf5 14.f4 Bg4 15.Nxd5 Ba7 16.
Bb2 Nxg5 17.fxg5 Qxg5 18.Rf1 h4 19.Qe1 Rc8 20.Qf2 f5 21.gxh4 Rxh4 22.Ng3 
f4 23.Ne4 Qh6 24.Nxf4 Bf3 25.Qxh4 1-0

[Event "XXIII C.to Italiano UISP"]
[Site "Rimini ITA"]
[Date "2002.12.??"]
[Round "2"]
[White "Traversi, Carlo"]
[Black "Maioli, Alessandro"]
[Result "0-1"]
[WhiteElo "1537"]
[BlackElo "1534"]
[PlyCount "36"]
[EventDate "2002.12.12"]

1.e4 e6 2.d4 d5 3.exd5 exd5 4.c4 c6 5.b3 Nf6 6.Nf3 Bd6 7.Be2 h6 8.h3 Be6 
9.Nc3 Nbd7 10.c5 Bc7 11.b4 Nf8 12.Qc2 Ng6 13.Be3 O-O 14.O-O Qc8 15.Rfd1 
Bxh3 16.gxh3 Qxh3 17.Ne5 Bxe5 18.dxe5 Nh4 0-1

[Event "XXIII C.to Italiano UISP"]
[Site "Rimini ITA"]
[Date "2002.12.??"]
[Round "2"]
[White "Vanzan, Alessandro"]
[Black "Pandini, Giuseppe"]
[Result "1/2-1/2"]
[WhiteElo "1576"]
[BlackElo "1612"]
[PlyCount "150"]
[EventDate "2002.12.12"]

1.c4 b6 2.Nf3 Bb7 3.g3 e6 4.Bg2 Be7 5.O-O Nf6 6.d3 O-O 7.Nc3 c5 8.e4 d6 9.
b3 Nbd7 10.Bb2 h6 11.Re1 Nh7 12.h4 Bf6 13.Rb1 Ne5 14.Nxe5 Bxe5 15.Nb5 Bxb2
16.Rxb2 a6 17.Nc3 Qc7 18.Rd2 Rad8 19.Ne2 e5 20.Nc3 Nf6 21.Nd5 Nxd5 22.cxd5
Bc8 23.Rc2 f5 24.b4 f4 25.bxc5 bxc5 26.d4 exd4 27.Qxd4 Qa5 28.Qd1 fxg3 29.
fxg3 Rde8 30.Qc1 Qa4 31.Kh2 Qd4 32.Rd2 Qe5 33.Rf1 Rxf1 34.Qxf1 Rf8 35.Rf2 
Rxf2 36.Qxf2 Bd7 37.Qc2 g5 38.hxg5 hxg5 39.Qd1 Qh8+ 40.Kg1 Bb5 41.a3 c4 
42.a4 Bd7 43.Qc1 Qd4+ 44.Kh2 c3 45.Qxg5+ Qg7 46.Qd8+ Kh7 47.e5 Qh6+ 48.Qh4
Qxh4+ 49.gxh4 dxe5 50.Be4+ Kg7 51.a5 Kf6 52.d6 Ke6 53.h5 Ba4 54.h6 c2 55.
h7 c1=Q 56.h8=Q Qd2+ 57.Bg2 Qf4+ 58.Kg1 Qd4+ 59.Kh1 Kxd6 60.Qd8+ Kc5 61.
Qb6+ Kc4 62.Bf1+ Kc3 63.Qxa6 Qh4+ 64.Kg1 Qg3+ 65.Bg2 Qe1+ 66.Qf1 Qxf1+ 67.
Bxf1 e4 68.Kf2 Kd2 69.a6 Bc6 70.a7 e3+ 71.Kg3 e2 72.Bxe2 Kxe2 73.Kf4 Kd3 
74.Ke5 Kc4 75.Kd6 Bh1 1/2-1/2

[Event "XXIII C.to Italiano UISP"]
[Site "Rimini ITA"]
[Date "2002.12.??"]
[Round "2"]
[White "Vezzosi, Paolo"]
[Black "Franceschi, Riccardo"]
[Result "1-0"]
[WhiteElo "2394"]
[BlackElo "2152"]
[PlyCount "75"]
[EventDate "2002.12.12"]

1.d4 d5 2.c4 c6 3.Nc3 e5 4.dxe5 d4 5.Ne4 Qa5+ 6.Bd2 Qxe5 7.Ng3 c5 8.Nf3 
Qe6 9.e3 Bd6 10.Bd3 Nc6 11.O-O Bxg3 12.hxg3 Qd6 13.exd4 cxd4 14.Re1+ Nge7 
15.Ng5 h6 16.Bf4 Qd7 17.Qh5 O-O 18.Nh7 Qg4 19.Qxg4 Bxg4 20.Nxf8 Rxf8 21.
Bd6 Be6 22.b3 Rd8 23.Ba3 a5 24.Be4 Rd7 25.Rad1 Nb4 26.Bxb4 axb4 27.Rd2 g5 
28.Red1 f5 29.Bb1 Nc6 30.g4 f4 31.f3 Rd8 32.Be4 Ra8 33.Bxc6 bxc6 34.Re1 
Bf7 35.Rxd4 Rxa2 36.Re7 Kf8 37.Rb7 Be8 38.Re4 1-0

[Event "XXIII C.to Italiano UISP"]
[Site "Rimini ITA"]
[Date "2002.12.??"]
[Round "3"]
[White "Arduini, Luca"]
[Black "Fernandez, Gianluca"]
[Result "0-1"]
[WhiteElo "1569"]
[BlackElo "1438"]
[PlyCount "92"]
[EventDate "2002.12.12"]

1.e4 e5 2.Nf3 Nc6 3.Bb5 d6 4.O-O Bd7 5.d4 exd4 6.Nxd4 Nxd4 7.Bxd7+ Qxd7 8.
Qxd4 Nf6 9.Bg5 Be7 10.Nc3 O-O 11.f4 h6 12.Bh4 Ng4 13.Bxe7 Qxe7 14.Nd5 Qd7 
15.h3 c6 16.hxg4 cxd5 17.Qxd5 Qxg4 18.Qxd6 Qe2 19.Qd3 Qg4 20.Qf3 Qg6 21.b3
Qc6 22.c4 Qc5+ 23.Qf2 Qb4 24.Rad1 b5 25.cxb5 Qxe4 26.Rd4 Qf5 27.a4 Rfc8 
28.Rc4 Qd3 29.Rxc8+ Rxc8 30.Qxa7 Qxb3 31.b6 Rc5 32.b7 Qe3+ 33.Rf2 Rc1+ 34.
Kh2 Qxa7 35.Rb2 Qb8 36.a5 Qxf4+ 37.g3 Qb8 38.a6 Ra1 39.Rb6 Rxa6 40.Rxa6 
Qxb7 41.Ra2 Qd5 42.Rf2 f5 43.Rf1 g5 44.Kh3 g4+ 45.Kh4 Kg7 46.Kh5 Qg2 0-1

[Event "XXIII C.to Italiano UISP"]
[Site "Rimini ITA"]
[Date "2002.12.??"]
[Round "3"]
[White "Avanzi, Gioni"]
[Black "Finocchiaro, Dante"]
[Result "1/2-1/2"]
[WhiteElo "1344"]
[BlackElo "1395"]
[PlyCount "45"]
[EventDate "2002.12.12"]

1.d4 d5 2.c4 dxc4 3.e4 e6 4.Bxc4 Bb4+ 5.Nc3 Bxc3+ 6.bxc3 Nf6 7.Qc2 c6 8.
Nf3 b5 9.Bd3 Nbd7 10.Bg5 Qc7 11.O-O a5 12.a3 a4 13.Bxf6 Nxf6 14.Ne5 O-O 
15.f4 Nd7 16.Nxd7 Bxd7 17.e5 g6 18.g4 c5 19.f5 c4 20.Be4 Bc6 21.fxg6 Bxe4 
22.gxh7+ Bxh7 23.Qd2 1/2-1/2

[Event "XXIII C.to Italiano UISP"]
[Site "Rimini ITA"]
[Date "2002.12.??"]
[Round "3"]
[White "Bongiovanni, Marco"]
[Black "Fronzi, Ettore"]
[Result "1/2-1/2"]
[WhiteElo "1708"]
[BlackElo "1618"]
[PlyCount "54"]
[EventDate "2002.12.12"]

1.e4 d5 2.exd5 Qxd5 3.Nc3 Qa5 4.d4 c6 5.Nf3 Nf6 6.Be2 Nbd7 7.O-O e6 8.Bd2 
Qc7 9.Re1 Bd6 10.Bg5 b6 11.Bd3 Bb7 12.Ne4 Nxe4 13.Bxe4 h6 14.Bh4 g5 15.Bg3
Bxg3 16.fxg3 O-O-O 17.c4 c5 18.Bxb7+ Qxb7 19.b4 cxb4 20.a3 b3 21.Qxb3 e5 
22.Nxe5 Nxe5 23.dxe5 Rd2 24.Qf3 Qxf3 25.gxf3 Rhd8 26.e6 fxe6 27.Rxe6 Rc2 
1/2-1/2

[Event "XXIII C.to Italiano UISP"]
[Site "Rimini ITA"]
[Date "2002.12.??"]
[Round "3"]
[White "Capuano, Francesca"]
[Black "Antoniacci, Riccardo"]
[Result "1/2-1/2"]
[WhiteElo "2023"]
[BlackElo "1927"]
[PlyCount "60"]
[EventDate "2002.12.12"]

1.d4 Nf6 2.Nf3 d5 3.Bg5 Ne4 4.Bf4 Nd7 5.e3 e6 6.h3 c5 7.c3 Be7 8.Nbd2 Ndf6
9.Bd3 O-O 10.Qc2 Nxd2 11.Nxd2 b6 12.O-O Bb7 13.Be5 h6 14.Bxf6 Bxf6 15.Nf3 
a5 16.Qe2 Qc8 17.Rfe1 Ba6 18.Bxa6 Qxa6 19.Qxa6 Rxa6 20.Ne5 Bxe5 21.dxe5 b5
22.Rad1 b4 23.e4 Rd8 24.exd5 exd5 25.f4 Kf8 26.f5 Ke7 27.Kf2 Rb6 28.Rd2 
Rb7 29.Kf3 Rbd7 30.Red1 Ke8 1/2-1/2

[Event "XXIII C.to Italiano UISP"]
[Site "Rimini ITA"]
[Date "2002.12.??"]
[Round "3"]
[White "Caroli, Tommaso"]
[Black "Dentale, Enrico"]
[Result "1/2-1/2"]
[WhiteElo "1789"]
[BlackElo "1738"]
[PlyCount "64"]
[EventDate "2002.12.12"]

1.e4 d5 2.exd5 Nf6 3.d4 Nxd5 4.c4 Nf6 5.h3 e6 6.Nf3 Bb4+ 7.Bd2 Bxd2+ 8.
Qxd2 b6 9.Nc3 O-O 10.Bd3 Bb7 11.Qe3 Nc6 12.Rd1 Qe7 13.O-O Rfe8 14.Rfe1 
Rad8 15.Qf4 Nb4 16.Bb1 Qd6 17.Ne5 a6 18.a3 Nc6 19.Ne4 Qe7 20.Ng5 Rf8 21.
Qh4 h6 22.Ngf3 Qd6 23.g4 Nxe5 24.Nxe5 Nd7 25.f4 c5 26.g5 Nxe5 27.fxe5 Qe7 
28.d5 exd5 29.cxd5 Qxg5+ 30.Qxg5 hxg5 31.d6 Bc6 32.Bf5 g6 1/2-1/2